00780nam a22002177a 4500999001900000005001700019010001500036020002700051035001400078037001300092082000800105100001500113245008600128260004500214270006700259300002300326500005000349700002100399942002200420952012000442 c170055d17005520191210150940.0 aENG-127058 c1100.00a9780199496051 aEN-110590 bDBAD/PUB a305 aGopal Guru aExperience, caste, and the everyday social /cby Gopal Guru [and] Sundar Sarukkai aNew DelhibOxford University Pressc2019 a22 Workspace, 2nd Floor, 1/22 Asaf Ali RoadbNew Delhie110002 aix;211p.c22cm(Hb) aIncludes bibliographical references and index aSarukkai, Sundar 2ddccENh305mGOP 001040708NFICaBNbBNd2019-12-10eDBAD/PUBg1100.00l0o305 GOPpEN-110590r2019-12-10 00:00:00t1v1100.00yEN